COMMUNITY HEALTH NURSING (Record no. 84092)
[ view plain ]
| 000 -LEADER | |
|---|---|
| fixed length control field | 00436 a2200181 4500 |
| 003 - CONTROL NUMBER IDENTIFIER | |
| control field | OSt |
| 005 - DATE AND TIME OF LATEST TRANSACTION | |
| control field | 20230603120123.0 |
| 008 - FIXED-LENGTH DATA ELEMENTS--GENERAL INFORMATION | |
| fixed length control field | 230120b |||||||| |||| 00| 0 eng d |
| 020 ## - INTERNATIONAL STANDARD BOOK NUMBER | |
| International Standard Book Number | 8185605483 |
| 100 ## - MAIN ENTRY--PERSONAL NAME | |
| Personal name | SWARANKAR |
| 9 (RLIN) | 106514 |
| 245 ## - TITLE STATEMENT | |
| Title | COMMUNITY HEALTH NURSING |
| 250 ## - EDITION STATEMENT | |
| Edition statement | 4TH ED. |
| 260 ## - PUBLICATION, DISTRIBUTION, ETC. (IMPRINT) | |
| Name of publisher, distributor, etc. | N.R. BROTHERS |
| Date of publication, distribution, etc. | 2018 |
| 300 ## - PHYSICAL DESCRIPTION | |
| Extent | 900 PG. |
| 650 ## - SUBJECT ADDED ENTRY--TOPICAL TERM | |
| Source of heading or term | CHN |
| Topical term or geographic name as entry element | COMMUNITY HEALTH NURSING |
| 9 (RLIN) | 181704 |
| 942 ## - ADDED ENTRY ELEMENTS (KOHA) | |
| Source of classification or shelving scheme | Dewey Decimal Classification |
| Koha item type | Books |
| Withdrawn status | Lost status | Source of classification or shelving scheme | Damaged status | Not for loan | Home library | Current library | Date acquired | Vendor | Cost, normal purchase price | Total Checkouts | Total Renewals | Full call number | Barcode | Date last seen | Date last checked out | Cost, replacement price | Bill Date | Koha item type | Original Barcode | Checked out |
|---|---|---|---|---|---|---|---|---|---|---|---|---|---|---|---|---|---|---|---|---|
| Dewey Decimal Classification | Sitabai Nargundkar College of Nursing Nagpur | Sitabai Nargundkar College of Nursing Nagpur | 06/12/2022 | 31 | 1120.00 | 8 | 1 | 610.7343/SWA | SNCN-BK-3060 | 25/03/2025 | 05/03/2025 | 1400.00 | 19/01/2023 | Books | 3060 | |||||
| Dewey Decimal Classification | Sitabai Nargundkar College of Nursing Nagpur | Sitabai Nargundkar College of Nursing Nagpur | 06/12/2022 | 31 | 1120.00 | 31 | 2 | 610.7343/SWA | SNCN-BK-3061 | 07/01/2026 | 19/12/2025 | 1400.00 | 19/01/2023 | Books | 3061 | |||||
| Dewey Decimal Classification | Sitabai Nargundkar College of Nursing Nagpur | Sitabai Nargundkar College of Nursing Nagpur | 06/12/2022 | 31 | 1120.00 | 24 | 3 | 610.7343/SWA | SNCN-BK-3062 | 14/05/2026 | 14/05/2026 | 1400.00 | 19/01/2023 | Books | 3062 | 29/05/2026 |